00970naa a22002537a 4500001001000000003000900010005001700019007000300036008003400039040005400073041000900127072001900136100001900155100001900174111008600193245008800279260004200367500012300409650000900532650001800541650001100559650002600570773012000596BR7603772BR-BrBNA20240918173902.0ta230509b bl.||||| |||| 00| 0 por d aBR-BrBNAbporcBiblioteca Nacional de Agricultura a(Pt) aQ10; S10b99101 aTeixeira, A.A.1 aNogueira, V.S.1 a4. Congresso Brasileiro de Pesquisas CafeeirascCaxambu, MG (Brazil)d23 Nov 19761 aUm novo produto para degomagem de cafes despolpados [bebida, controle de qualidade]3 aRio de Janeiro, RJ (Brasil): c1976.  a4. Congresso Brasileiro de Pesquisas Cafeeiras. Resumos Rio de Janeiro, RJ (Brasil): 1976. p. 87-88 (BR7603772-AM)Q10  aCAFE aDESPOLPAMENTO aBEBIDA aCONTROLE DE QUALIDADE0 t4. Congresso Brasileiro de Pesquisas Cafeeiras. ResumoswQ10 BR7603772gRio de Janeiro, RJ (Brasil), 1976. p. 87-88